Statistics for Indiana Cities and Towns quiz Part 1

Click here to take the quiz!

General Stats

  • This quiz has been taken 7 times
  • The average score is 128 of 500

Answer Stats

City or Town% Correct
Anderson
80%
Angola
80%
Avon
80%
Bedford
80%
Bloomington
80%
Carmel
80%
Columbus
80%
Crawfordsville
80%
Elkhart
80%
Fishers
80%
Fort Wayne
80%
Frankfort
80%
Franklin
80%
Gary
80%
Goshen
80%
Greencastle
80%
Greenfield
80%
Indianapolis
80%
Jasper
80%
Kokomo
80%
Lafayette
80%
Lawrence
80%
Lebanon
80%
Madison
80%
Marion
80%
Martinsville
80%
Michigan City
80%
Muncie
80%
New Castle
80%
Noblesville
80%
Plainfield
80%
Richmond
80%
Santa Claus
80%
Shelbyville
80%
South Bend
80%
Terre Haute
80%
Valparaiso
80%
Warsaw
80%
Auburn
60%
Batesville
60%
Beech Grove
60%
Brazil
60%
Clarksville
60%
Connersville
60%
Corydon
60%
Dayton
60%
East Chicago
60%
Edinburgh
60%
Ellettsville
60%
Evansville
60%
French Lick
60%
Greensburg
60%
Greenwood
60%
Hammond
60%
Hobart
60%
Huntington
60%
Jeffersonville
60%
Logansport
60%
McCordsville
60%
Merrillville
60%
Mishawaka
60%
Mooresville
60%
Munster
60%
New Albany
60%
Peru
60%
Plymouth
60%
Portage
60%
Schererville
60%
Seymour
60%
Speedway
60%
Spencer
60%
Vincennes
60%
Washington
60%
Westfield
60%
West Lafayette
60%
Advance
40%
Albany
40%
Alexandria
40%
Argos
40%
Berne
40%
Bluffton
40%
Borden
40%
Brownstown
40%
Cambridge City
40%
Charlestown
40%
Chesterton
40%
Cloverdale
40%
Columbia City
40%
Covington
40%
Crothersville
40%
Crown Point
40%
Cumberland
40%
Danville
40%
Decatur
40%
Delphi
40%
Dillsboro
40%
Dunkirk
40%
Dyer
40%
Elwood
40%
English
40%
Fairmount
40%
Ferdinand
40%
Fortville
40%
Georgetown
40%
Greendale
40%
Greenville
40%
Hanover
40%
Highland
40%
Huntertown
40%
Huntingburg
40%
Lake Station
40%
Lanesville
40%
Lapel
40%
La Porte
40%
Lawrenceburg
40%
Loogootee
40%
Marengo
40%
Medora
40%
Meridian Hills
40%
Milan
40%
Mitchell
40%
Mulberry
40%
Nappanee
40%
Nashville
40%
Newburgh
40%
New Pekin
40%
North Vernon
40%
Oakland City
40%
Orleans
40%
Oxford
40%
Paoli
40%
Pendleton
40%
Portland
40%
Rensselaer
40%
Rising Sun
40%
Rushville
40%
Russiaville
40%
Saint John
40%
Salem
40%
Scottsburg
40%
Sellersburg
40%
Shadeland
40%
Sheridan
40%
Sullivan
40%
Tell City
40%
Tipton
40%
Union City
40%
Wabash
40%
Whiting
40%
Winchester
40%
Akron
20%
Albion
20%
Amo
20%
Andrews
20%
Arcadia
20%
Ashley
20%
Atlanta
20%
Attica
20%
Aurora
20%
Austin
20%
Avilla
20%
Bainbridge
20%
Bargersville
20%
Battle Ground
20%
Beverly Shores
20%
Bicknell
20%
Birdseye
20%
Bloomfield
20%
Boonville
20%
Boswell
20%
Bourbon
20%
Bremen
20%
Bristol
20%
Brook
20%
Brooklyn
20%
Brookston
20%
Brookville
20%
Brownsbrug
20%
Bruceville
20%
Bunker Hill
20%
Burlington
20%
Burns Harbor
20%
Butler
20%
Camden
20%
Campbellsburg
20%
Cannelton
20%
Carlisle
20%
Carthage
20%
Cayuga
20%
Centerville
20%
Chalmers
20%
Chandler
20%
Chesterfield
20%
Chrisney
20%
Churubusco
20%
Cicero
20%
Clarks Hill
20%
Clay City
20%
Clayton
20%
Clermont
20%
Clinton
20%
Coatesville
20%
Colfax
20%
Converse
20%
Cromwell
20%
Culver
20%
Cynthiana
20%
Dale
20%
Daleville
20%
Dana
20%
Darlington
20%
Darmstadt
20%
Denver
20%
Dublin
20%
Dugger
20%
Dupont
20%
Earl Park
20%
Eaton
20%
Edgewood
20%
Elberfeld
20%
Elizabeth
20%
Elnora
20%
Etna Green
20%
Fairview Park
20%
Farmersburg
20%
Farmland
20%
Fillmore
20%
Flora
20%
Fort Branch
20%
Fountain City
20%
Fowler
20%
Francesville
20%
Francisco
20%
Frankton
20%
Fremont
20%
Galveston
20%
Garrett
20%
Gas City
20%
Gaston
20%
Geneva
20%
Goodland
20%
Gosport
20%
Grabill
20%
Grandview
20%
Greentown
20%
Hagerstown
20%
Hamilton
20%
Hamlet
20%
Harmony
20%
Hartford City
20%
Haubstadt
20%
Hebron
20%
Hillsboro
20%
Holland
20%
Holton
20%
Homecroft
20%
Hope
20%
Hudson
20%
Hymera
20%
Ingalls
20%
Jamestown
20%
Jasonville
20%
Jonesboro
20%
Kendallville
20%
Kennard
20%
Kentland
20%
Kewanna
20%
Kingman
20%
Kingsford Heights
20%
Kirklin
20%
Knightstown
20%
Knightsville
20%
Knox
20%
Kouts
20%
Laconia
20%
Ladoga
20%
Lagrange
20%
Lagro
20%
Lakeville
20%
La Paz
20%
Larwill
20%
Laurel
20%
Leavenworth
20%
Leesburg
20%
Leo Cedarville
20%
Liberty
20%
Ligonier
20%
Linden
20%
Linton
20%
Long Beach
20%
Lynn
20%
Lyons
20%
Markle
20%
Matthews
20%
Mecca
20%
Medaryville
20%
Mentone
20%
Michigantown
20%
Middletown
20%
Milford
20%
Millersburg
20%
Milltown
20%
Milton
20%
Monon
20%
Monroe City
20%
Monroeville
20%
Monrovia
20%
Montezuma
20%
Montgomery
20%
Monticello
20%
Montpelier
20%
Mooreland
20%
Moores Hill
20%
Morgantown
20%
Morocco
20%
Morristown
20%
Mount Etna
20%
Mount Vernon
20%
Napoleon
20%
New Carlisle
20%
New Harmony
20%
New Haven
20%
New Market
20%
New Palestine
20%
Newport
20%
New Whiteland
20%
North Judson
20%
North Liberty
20%
North Manchester
20%
North Salem
20%
North Webster
20%
Oaktown
20%
Odon
20%
Oldenburg
20%
Oolitic
20%
Osgood
20%
Ossian
20%
Otterbein
20%
Owensville
20%
Palmyra
20%
Paragon
20%
Parker City
20%
Patoka
20%
Pennville
20%
Perrysville
20%
Petersburg
20%
Pierceton
20%
Pittsboro
20%
Plainville
20%
Porter
20%
Poseyville
20%
Princeton
20%
Redkey
20%
Remington
20%
Reynolds
20%
Ridgeville
20%
Roachdale
20%
Roann
20%
Rochester
20%
Rockport
20%
Rockville
20%
Rocky Ripple
20%
Rome City
20%
Rosedale
20%
Roseland
20%
Rossville
20%
Royal Center
20%
Seelyville
20%
Selma
20%
Sharpsville
20%
Shelburn
20%
Shipshewana
20%
Shirley
20%
Shoals
20%
Silver Lake
20%
Southport
20%
South Whitley
20%
Spiceland
20%
Woodburn
20%
Alamo
0%
Alfordsville
0%
Alton
0%
Altona
0%
Ambia
0%
Amboy
0%
Bethany
0%
Bloomingdale
0%
Blountsville
0%
Boston
0%
Brooksburg
0%
Bryant
0%
Burket
0%
Burnettsville
0%
Cadiz
0%
Cannelburg
0%
Carbon
0%
Cedar Grove
0%
Cedar Lake
0%
Center Point
0%
Charlottesville
0%
Claypool
0%
Clear Lake
0%
Clifford
0%
Corunna
0%
Country Club Heights
0%
Crandall
0%
Crane
0%
Crows Nest
0%
Decker
0%
De Motte
0%
Dune Acres
0%
Dunreith
0%
East Germantown
0%
Economy
0%
Edwardsport
0%
Elizabethtown
0%
Fairland
0%
Fowlerton
0%
Fredericksburg
0%
Fulton
0%
Gentryville
0%
Glenwood
0%
Greensboro
0%
Greens Fork
0%
Griffin
0%
Griffith
0%
Hardinsburg
0%
Hartsville
0%
Hazleton
0%
Indian Village
0%
Jonesville
0%
Kempton
0%
Kingsbury
0%
La Crosse
0%
La Fontaine
0%
Lewisville
0%
Little York
0%
Livonia
0%
Lizton
0%
Losantville
0%
Lowell
0%
Lynnvile
0%
Machey
0%
Macy
0%
Markleville
0%
Marshall
0%
Mauckport
0%
Mellott
0%
Merom
0%
Michiana Shores
0%
Middelbury
0%
Millhousen
0%
Modoc
0%
Monterey
0%
Mount Auburn
0%
Mount Ayr
0%
Mount Carmel
0%
Mount Summit
0%
New Amsterdam
0%
Newberry
0%
New Chicago
0%
New Middletown
0%
New Point
0%
New Richmond
0%
New Ross
0%
Newtown
0%
North Crows Nest
0%
Ogden Dunes
0%
Onward
0%
Orestes
0%
Orland
0%
Osceola
0%
Patriot
0%
Pine Village
0%
Poneto
0%
Pottawattamie Park
0%
Princes Lakes
0%
Richland City
0%
Riley
0%
River Forest
0%
Roanoke
0%
Russellville
0%
Saint Joe
0%
Saint Leon
0%
Saint Paul
0%
Salamonia
0%
Saltillo
0%
Sandborn
0%
Saratoga
0%
Schneider
0%
Shamrock Lakes
0%
Sidney
0%
Somerville
0%
Spring Grove
0%
Spring Hill
0%
Spring Lake
0%
Springport
0%
Spurgeon
0%
Stat Line City
0%

Score Distribution

Percentile by Number Answered

Percent of People with Each Score

Your Score History

You have not taken this quiz